00335nam a2200097Ia 4500008004100000082001800041100005800059245006500117260004600182300000900228210430s9999 xx 000 0 und d a519.5 M6891 I aAlexander M.Mood, Franklin A. Graybill, Duane C. Boes aIntroduction to the theory of statistics /cAlexander M.Mood aIslamabadbNational book foundationc2010 a564p